[Event "FRA-chT2 1011"]
[Site "France"]
[Date "2010.11.14"]
[Round "3.1"]
[White "Desbonnes, Samy"]
[Black "Bekkat, Azzedine"]
[Result "1/2-1/2"]
[WhiteElo "2314"]
[BlackElo "2196"]
[PlyCount "109"]
[EventDate "2010.10.17"]
[EventType "team-tourn"]
[EventRounds "11"]
[EventCountry "FRA"]
[SourceTitle "EXT 2012"]
[Source "ChessBase"]
[SourceDate "2011.11.24"]
[SourceVersion "1"]
[SourceVersionDate "2011.11.24"]
[SourceQuality "1"]

1. e4 c5 2. Nf3 d6 3. d4 cxd4 4. Nxd4 Nf6 5. Nc3 g6 6. Be2 Bg7 7. 0-0 0-0 8. Re1 Nc6 9. Nb3 Be6 10. Bf1 Rc8 11. Nd5 Ne5 12. a4 Nc4 13. a5 Qd7 14. c3 Rfe8 15. Nf4 Red8 16. Nxe6 Qxe6 17. Ra4 Ne5 18. Nd4 Qd7 19. Bb5 Qc7 20. a6 b6 21. f4 Ned7 22. Nc6 Nc5 23. Rc4 d5 24. exd5 Rxd5 25. Qe2 e6 26. b4 Qd6 27. bxc5 bxc5 28. Nxa7 Rc7 29. Nc6 Rxc6 30. Bxc6 Qxc6 31. a7 Qa6 32. Be3 Qxa7 33. Qb2 Ng4 34. h3 Nxe3 35. Rxe3 Bf6 36. Re1 Qa6 37. Qb3 Rd2 38. Ra4 Qc6 39. Rae4 Rd3 40. R1e3 Rxc3 41. Qb8+ Kg7 42. Kh2 Rxe3 43. Rxe3 Qd5 44. Ra3 Be7 45. Ra8 Bd6 46. Qh8+ Kh6 47. Ra4 Qf5 48. Kh1 Qc2 49. Ra1 Qe4 50. Rf1 Qd4 51. Qg8 Qc4 52. Kg1 Qd4+ 53. Kh1 Qc4 54. Kg1 Qd4+ 55. Kh1 1/2-1/2

[Event "FRA-chT2 1011"]
[Site "France"]
[Date "2010.10.17"]
[Round "1.1"]
[White "Toma, Michal"]
[Black "Desbonnes, Samy"]
[Result "1/2-1/2"]
[WhiteElo "2219"]
[BlackElo "2314"]
[PlyCount "127"]
[EventDate "2010.10.17"]
[EventType "team-tourn"]
[EventRounds "11"]
[EventCountry "FRA"]
[SourceTitle "EXT 2012"]
[Source "ChessBase"]
[SourceDate "2011.11.24"]
[SourceVersion "1"]
[SourceVersionDate "2011.11.24"]
[SourceQuality "1"]

1. e4 c5 2. Nc3 Nc6 3. g3 g6 4. Bg2 Bg7 5. d3 d6 6. f4 e6 7. Nf3 Nge7 8. 0-0 0-0 9. Be3 b6 10. d4 d5 11. exd5 Nf5 12. Bf2 Ncxd4 13. Ne5 exd5 14. Nxd5 Be6 15. c4 Rc8 16. Qa4 a5 17. Rad1 b5 18. Qa3 bxc4 19. Ne3 Nxe3 20. Qxe3 Qb6 21. Rd2 Rfe8 22. Qc3 Red8 23. Kh1 Bd5 24. Bg1 Bxg2+ 25. Rxg2 Qb4 26. Nxc4 Qxc3 27. bxc3 Ne6 28. Rc2 Rd3 29. Rfc1 Ra8 30. Kg2 a4 31. Kf2 a3 32. Ke2 Rd7 33. Nb6 Rad8 34. Nxd7 Rxd7 35. Rb1 h5 36. Rd2 Re7 37. Kd3 h4 38. Rb8+ Bf8 39. Kc4 Ra7 40. Rd5 Kg7 41. Be3 h3 42. Bc1 Ra4+ 43. Kb3 Re4 44. Re5 c4+ 45. Kc2 Rxe5 46. fxe5 Bc5 47. Kd1 Bg1 48. Ke2 Bxh2 49. Kf2 Nc5 50. Bxa3 Nd3+ 51. Kf1 Bxg3 52. Bf8+ Kh7 53. Rb7 Kg8 54. Bd6 Ne1 55. Rb8+ Kg7 56. Kg1 h2+ 57. Kh1 Nd3 58. Rb1 Nf2+ 59. Kg2 h1Q+ 60. Rxh1 Nxh1 61. Kxh1 Be1 62. Bb4 Bg3 63. Bd6 Be1 64. Bb4 1/2-1/2

[Event "FRA-chT1 0910"]
[Site "France"]
[Date "2009.12.12"]
[Round "6.3"]
[White "Debray, Tristan"]
[Black "Desbonnes, Samy"]
[Result "0-1"]
[WhiteElo "2180"]
[BlackElo "2331"]
[PlyCount "80"]
[EventDate "2009.09.27"]
[EventType "team-tourn"]
[EventRounds "11"]
[EventCountry "FRA"]
[SourceTitle "EXT 2011"]
[Source "ChessBase"]
[SourceDate "2010.11.26"]
[SourceVersion "1"]
[SourceVersionDate "2010.11.26"]
[SourceQuality "1"]

1. e4 c5 2. Nc3 Nc6 3. g3 g6 4. Bg2 Bg7 5. d3 d6 6. Be3 e6 7. Qd2 Qa5 8. f4 Nge7 9. Nf3 Nd4 10. 0-0 0-0 11. Bxd4 cxd4 12. Nd5 Qd8 13. Nxe7+ Qxe7 14. c3 dxc3 15. bxc3 Bd7 16. d4 Rac8 17. Rfe1 Rc7 18. Rac1 Rfc8 19. Qb2 b5 20. Bf1 Qd8 21. Qa3 Be8 22. Red1 Bc6 23. Bd3 Rb7 24. Rb1 a5 25. Rdc1 Bf8 26. Qb2 Rcb8 27. Qd2 Bd7 28. e5 Bc6 29. Ng5 dxe5 30. fxe5 Bh6 31. h4 Qd5 32. Kh2 Bxg5 33. hxg5 b4 34. cxb4 Rxb4 35. Bc4 Qf3 36. Rxb4 Rxb4 37. Qe2 Rb2 38. Qxb2 Qh5+ 39. Kg1 Qh1+ 40. Kf2 Qg2+ 0-1

[Event "FRA-chT1 0910"]
[Site "France"]
[Date "2009.10.17"]
[Round "2.4"]
[White "Desbonnes, Samy"]
[Black "Lambert, Romain"]
[Result "1/2-1/2"]
[WhiteElo "2332"]
[BlackElo "2003"]
[PlyCount "124"]
[EventDate "2009.09.27"]
[EventType "team-tourn"]
[EventRounds "11"]
[EventCountry "FRA"]
[SourceTitle "EXT 2011"]
[Source "ChessBase"]
[SourceDate "2010.11.26"]
[SourceVersion "1"]
[SourceVersionDate "2010.11.26"]
[SourceQuality "1"]

1. e4 c5 2. Nf3 Nc6 3. d4 cxd4 4. Nxd4 Nf6 5. Nc3 e5 6. Ndb5 d6 7. Bg5 a6 8. Na3 b5 9. Bxf6 gxf6 10. Nd5 Bg7 11. c3 f5 12. exf5 Bxf5 13. Nc2 0-0 14. Nce3 Be6 15. Bd3 f5 16. 0-0 Ra7 17. a4 e4 18. Nf4 Bd7 19. axb5 axb5 20. Bxb5 Rxa1 21. Qd5+ Kh8 22. Rxa1 Ne7 23. Qc4 Be5 24. Ne6 Bxe6 25. Qxe6 Rf6 26. Qd7 Qxd7 27. Bxd7 d5 28. Ra8+ Kg7 29. Re8 Kf7 30. Bb5 d4 31. Nc4 Bf4 32. g3 dxc3 33. bxc3 Bc1 34. Ne5+ Ke6 35. Nc6 Ba3 36. Nd8+ Kd5 37. Nb7 f4 38. c4+ Kd4 39. Rd8+ Ke5 40. Ra8 Bb4 41. c5 e3 42. fxe3 fxe3 43. Re8 Re6 44. Bc4 Kd4 45. Be2 Bxc5 46. Rd8+ Nd5 47. Bf3 Re5 48. Kf1 Bb6 49. Rd6 Kd3 50. Be2+ Ke4 51. Bc4 Bd4 52. Bxd5+ Rxd5 53. Rxd5 Kxd5 54. Na5 Ke4 55. Ke2 Ba7 56. Nc4 Bc5 57. Nb2 h5 58. Nd3 Bd6 59. Ne1 h4 60. gxh4 Bxh2 61. Ng2 Bf4 62. Nxf4 Kxf4 1/2-1/2

[Event "FRA-chT1 0910"]
[Site "France"]
[Date "2009.10.04"]
[Round "1.3"]
[White "Cotonnec, Melkior"]
[Black "Desbonnes, Samy"]
[Result "0-1"]
[WhiteElo "2289"]
[BlackElo "2332"]
[PlyCount "50"]
[EventDate "2009.09.27"]
[EventType "team-tourn"]
[EventRounds "11"]
[EventCountry "FRA"]
[SourceTitle "EXT 2011"]
[Source "ChessBase"]
[SourceDate "2010.11.26"]
[SourceVersion "1"]
[SourceVersionDate "2010.11.26"]
[SourceQuality "1"]

1. e4 c5 2. Nf3 Nc6 3. d4 cxd4 4. Nxd4 e5 5. Nb5 d6 6. N1c3 a6 7. Na3 Be7 8. Nc4 b5 9. Ne3 Nf6 10. Ned5 0-0 11. Be2 Bb7 12. Be3 Nxd5 13. Nxd5 Nd4 14. Bxd4 Bxd5 15. exd5 exd4 16. Qxd4 Bf6 17. Qb4 a5 18. Qxb5 Rb8 19. Qd3 Rxb2 20. 0-0 Qc7 21. Qc4 Qxc4 22. Bxc4 Rb4 23. Bb3 Bxa1 24. Rxa1 a4 25. c3 axb3 0-1

[Event "FRA-chT2 North 0607"]
[Site "France"]
[Date "2007.03.17"]
[Round "8.2"]
[White "Onkoud, Abdelaziz"]
[Black "Desbonnes, Samy"]
[Result "0-1"]
[WhiteElo "2406"]
[BlackElo "2284"]
[PlyCount "56"]
[EventDate "2006.10.15"]
[EventType "team"]
[EventRounds "11"]
[EventCountry "FRA"]
[SourceTitle "EXT 2008"]
[Source "ChessBase"]
[SourceDate "2007.11.25"]
[SourceVersion "1"]
[SourceVersionDate "2007.11.25"]
[SourceQuality "1"]
[WhiteTeam "Noisy le Grand"]
[BlackTeam "Maromme"]
[WhiteTeamCountry "FRA"]
[BlackTeamCountry "FRA"]

1. e4 c5 2. Nf3 Nc6 3. Nc3 d6 4. d4 cxd4 5. Nxd4 g6 6. Be3 Bg7 7. Qd2 Nf6 8. f3 0-0 9. 0-0-0 Nxd4 10. Bxd4 Be6 11. Kb1 Qc7 12. h4 Rfc8 13. h5 Qa5 14. hxg6 hxg6 15. a3 Rab8 16. g4 b5 17. Qg5 Qc7 18. e5 Ne4 19. exd6 Qxc3 20. Qc1 Bxd4 21. fxe4 Qe3 22. dxe7 Qxc1+ 23. Kxc1 Bf6 24. Rd3 Bxe7 25. Be2 Bc4 26. Rdh3 Bxe2 27. e5 Bg5+ 28. Kb1 Kf8 0-1

[Event "FRA-chT2 North 0607"]
[Site "France"]
[Date "2006.12.10"]
[Round "4.4"]
[White "Desbonnes, Samy"]
[Black "Gollain, Marc"]
[Result "1-0"]
[WhiteElo "2275"]
[BlackElo "2193"]
[PlyCount "47"]
[EventDate "2006.10.15"]
[EventType "team"]
[EventRounds "11"]
[EventCountry "FRA"]
[SourceTitle "EXT 2008"]
[Source "ChessBase"]
[SourceDate "2007.11.25"]
[SourceVersion "1"]
[SourceVersionDate "2007.11.25"]
[SourceQuality "1"]
[WhiteTeam "Maromme"]
[BlackTeam "Bagneux"]
[WhiteTeamCountry "FRA"]
[BlackTeamCountry "FRA"]

1. e4 e5 2. Nf3 Nc6 3. Bc4 Nf6 4. d3 Bc5 5. c3 d6 6. 0-0 0-0 7. Nbd2 Be6 8. Bb3 Bxb3 9. Qxb3 Bb6 10. Nc4 Rb8 11. Bg5 h6 12. Bh4 Na5 13. Nxa5 Bxa5 14. Nd2 g5 15. Bg3 c6 16. Rad1 Bc7 17. d4 Qe7 18. Qa3 Nd7 19. Nc4 f6 20. dxe5 fxe5 21. Nxd6 Bxd6 22. Rxd6 Qg7 23. Rfd1 Nb6 24. Qxa7 1-0

[Event "FRA-chT2 North 0607"]
[Site "France"]
[Date "2006.11.25"]
[Round "2.5"]
[White "Desbonnes, Samy"]
[Black "Freitas, Jean Paul"]
[Result "1-0"]
[WhiteElo "2275"]
[BlackElo "1979"]
[PlyCount "73"]
[EventDate "2006.10.15"]
[EventType "team"]
[EventRounds "11"]
[EventCountry "FRA"]
[SourceTitle "EXT 2008"]
[Source "ChessBase"]
[SourceDate "2007.11.25"]
[SourceVersion "1"]
[SourceVersionDate "2007.11.25"]
[SourceQuality "1"]
[WhiteTeam "Maromme"]
[BlackTeam "Arcueil"]
[WhiteTeamCountry "FRA"]
[BlackTeamCountry "FRA"]

1. e4 e5 2. Bc4 Nf6 3. d3 Nc6 4. Nf3 Bc5 5. c3 d6 6. 0-0 0-0 7. Nbd2 Qe7 8. Bb3 Be6 9. Nc4 b5 10. Ne3 Bxe3 11. Bxe3 d5 12. Qe2 Rab8 13. Bg5 dxe4 14. dxe4 h6 15. Bh4 Rfd8 16. h3 Bxb3 17. axb3 Qe6 18. b4 g5 19. Bg3 g4 20. hxg4 Qxg4 21. Rfe1 Qe6 22. Nh4 Qg4 23. Qe3 Qg5 24. Qc5 Rd6 25. Nf3 Qh5 26. Nxe5 Nxe5 27. Qxe5 Qxe5 28. Bxe5 Re6 29. Bxf6 Rxf6 30. Rxa7 c5 31. bxc5 b4 32. c4 Rc6 33. Ra5 Rbc8 34. b3 Rxc5 35. Rxc5 Rxc5 36. Ra1 Rc7 37. Ra8+ 1-0

[Event "FRA-chT2 0405"]
[Site "France"]
[Date "2004.10.10"]
[Round "1.2"]
[White "Laurent, Bruno"]
[Black "Desbonnes, Samy"]
[Result "1-0"]
[WhiteElo "2335"]
[BlackElo "2258"]
[PlyCount "67"]
[EventDate "2004.10.10"]
[EventType "team"]
[EventRounds "11"]
[EventCountry "FRA"]
[SourceTitle "EXT 2006"]
[Source "ChessBase"]
[SourceDate "2005.11.24"]
[SourceVersion "1"]
[SourceVersionDate "2005.11.24"]
[SourceQuality "1"]
[WhiteTeam "Arras"]
[BlackTeam "Maromme"]
[WhiteTeamCountry "FRA"]
[BlackTeamCountry "FRA"]

1. d4 Nf6 2. c4 g6 3. Nc3 Bg7 4. e4 0-0 5. Be2 d6 6. Nf3 e5 7. Be3 Na6 8. 0-0 Qe8 9. dxe5 dxe5 10. Nd2 b6 11. a3 Bb7 12. b4 Rd8 13. c5 Nb8 14. b5 bxc5 15. Qa4 a6 16. Qa5 axb5 17. Bxb5 Bc6 18. Be2 Nh5 19. Rfd1 Nd7 20. Qxc7 Rc8 21. Qd6 Nf4 22. Ba6 Ba8 23. Bxc8 Qxc8 24. Nc4 Nf6 25. f3 N6h5 26. Nb6 Qa6 27. Nxa8 Qxa8 28. a4 Qa5 29. Nd5 Bh6 30. Qxc5 Qa6 31. Qb5 Qe6 32. Bxf4 Bxf4 33. Qc6 Rc8 34. Qxc8+ 1-0

[Event "FRA-chT2S 0203"]
[Site "France"]
[Date "2003.??.??"]
[Round "7.4"]
[White "Desbonnes, Samy"]
[Black "Cathelineau, Didier"]
[Result "1-0"]
[WhiteElo "2260"]
[BlackElo "1499"]
[PlyCount "51"]
[EventDate "2002.10.??"]
[EventType "team"]
[EventRounds "11"]
[EventCountry "FRA"]
[SourceTitle "EXT 2004"]
[Source "ChessBase"]
[SourceDate "2003.11.25"]
[SourceVersion "1"]
[SourceVersionDate "2003.11.25"]
[SourceQuality "1"]
[WhiteTeam "Maromme"]
[BlackTeam "Cergy Pontoise"]
[WhiteTeamCountry "FRA"]
[BlackTeamCountry "FRA"]

1. e4 c6 2. d4 d5 3. e5 Bf5 4. h4 h5 5. c4 e6 6. Nc3 dxc4 7. Bxc4 Nd7 8. Nge2 Nb6 9. Bb3 Bb4 10. Ng3 Bg6 11. Bg5 Ne7 12. 0-0 Qd7 13. a3 Bxc3 14. bxc3 0-0-0 15. Qf3 Rdf8 16. Ne4 Bxe4 17. Qxe4 Nf5 18. Rac1 Kb8 19. Rfd1 Rc8 20. c4 Rc7 21. a4 Rhc8 22. a5 Na8 23. Rb1 c5 24. d5 exd5 25. cxd5 Nd4 26. d6 1-0

[Event "FRA-chT2S 0203"]
[Site "France"]
[Date "2002.10.13"]
[Round "1.3"]
[White "Carlier, Bruno"]
[Black "Desbonnes, Samy"]
[Result "1-0"]
[WhiteElo "2397"]
[BlackElo "2260"]
[PlyCount "83"]
[EventDate "2002.10.??"]
[EventType "team"]
[EventRounds "11"]
[EventCountry "FRA"]
[SourceTitle "EXT 2004"]
[Source "ChessBase"]
[SourceDate "2003.11.25"]
[SourceVersion "1"]
[SourceVersionDate "2003.11.25"]
[SourceQuality "1"]
[WhiteTeam "Cappelle la Grande"]
[BlackTeam "Maromme"]
[WhiteTeamCountry "FRA"]
[BlackTeamCountry "FRA"]

1. Nf3 Nf6 2. g3 g6 3. Bg2 Bg7 4. 0-0 0-0 5. d4 d6 6. c3 Nbd7 7. Nbd2 Re8 8. e4 e5 9. Qc2 b6 10. Re1 Bb7 11. d5 c6 12. dxc6 Bxc6 13. c4 Rc8 14. b3 Qc7 15. Bb2 Qb7 16. Ng5 h6 17. Nh3 Nc5 18. Rad1 Rc7 19. f3 b5 20. Qb1 Bd7 21. Nf2 Qb6 22. Rc1 a6 23. Nf1 bxc4 24. Rxc4 Bb5 25. Rc3 d5 26. Ne3 d4 27. Nc4 Qe6 28. Rcc1 h5 29. Bh3 Qe7 30. Ba3 Bh6 31. Rc2 Nfd7 32. Bxd7 Qxd7 33. Nb6 Qd6 34. Nd5 Rcc8 35. f4 Bg7 36. Qc1 d3 37. Nxd3 Bxd3 38. Rxc5 Rcd8 39. Rc3 Qb8 40. Rxd3 exf4 41. gxf4 Qa7+ 42. Bc5 1-0

[Event "Paris-ch op"]
[Site "Paris"]
[Date "2002.07.12"]
[Round "7"]
[White "Mourgues, Jean Marie"]
[Black "Desbonnes, Samy"]
[Result "1-0"]
[WhiteElo "2114"]
[BlackElo "2260"]
[PlyCount "83"]
[EventDate "2002.07.06"]
[EventType "swiss"]
[EventRounds "9"]
[EventCountry "FRA"]
[SourceTitle "CBM 089 Extra"]
[Source "ChessBase"]
[SourceDate "2002.09.10"]
[SourceVersion "2"]
[SourceVersionDate "2002.09.10"]
[SourceQuality "1"]

1. f4 c5 2. Nf3 g6 3. g3 Bg7 4. Bg2 Nc6 5. e4 e6 6. 0-0 Nge7 7. d3 0-0 8. c4 d5 9. Nc3 a6 10. g4 dxe4 11. dxe4 Qxd1 12. Rxd1 Bxc3 13. bxc3 Na5 14. Be3 b6 15. Nd2 e5 16. f5 Bb7 17. Rab1 Nc8 18. Bh6 Re8 19. Nb3 Nxb3 20. axb3 Bc6 21. Rb2 a5 22. Ra2 Ra7 23. Kf2 f6 24. h4 Kf7 25. Bf3 Rd7 26. Rxd7+ Bxd7 27. b4 axb4 28. cxb4 Nd6 29. bxc5 bxc5 30. Ra7 Re7 31. Be3 Bc6 32. Rxe7+ Kxe7 33. Bxc5 gxf5 34. exf5 e4 35. Be2 Kd7 36. Ke3 Nf7 37. Bd4 Ke7 38. Kf4 Nd6 39. Bc5 h6 40. g5 hxg5+ 41. hxg5 fxg5+ 42. Ke5 1-0

[Event "FRA-chT2O 9899"]
[Site "France"]
[Date "1999.01.??"]
[Round "6"]
[White "Bouvier, Bruno"]
[Black "Desbonnes, Samy"]
[Result "1/2-1/2"]
[WhiteElo "2191"]
[BlackElo "2235"]
[PlyCount "121"]
[EventDate "1998.??.??"]
[EventType "team"]
[EventRounds "9"]
[EventCountry "FRA"]
[SourceTitle "EXT 2002"]
[Source "ChessBase"]
[SourceDate "2001.11.25"]
[SourceVersion "1"]
[SourceVersionDate "2001.11.25"]
[SourceQuality "1"]

1. e4 c5 2. Nf3 d6 3. d4 cxd4 4. Nxd4 Nf6 5. Nc3 g6 6. Be3 Bg7 7. f3 0-0 8. Qd2 Nc6 9. Bc4 a5 10. 0-0 a4 11. Nd5 Bd7 12. Kh1 Rc8 13. Nxc6 Bxc6 14. Nb6 Rb8 15. Qb4 Nd7 16. Nxd7 Qxd7 17. Bb6 Ra8 18. a3 Kh8 19. Bd5 Ra6 20. Bd4 e5 21. Be3 Bxd5 22. exd5 b5 23. Rad1 Rc8 24. Qd2 Raa8 25. c3 Rc4 26. Bh6 f5 27. Be3 Rac8 28. Bb6 Qe7 29. Ba5 Qh4 30. Bb4 Bh6 31. g3 Qh3 32. Qf2 Bf8 33. Qb6 f4 34. Bxd6 Bg7 35. Qf2 fxg3 36. Qxg3 Qf5 37. Be7 Rf4 38. d6 Qd7 39. Rfe1 Rcc4 40. Bg5 Rf5 41. Re4 Rc6 42. Be7 Rc5 43. Qg4 Kg8 44. c4 Bf8 45. Bxf8 Kxf8 46. Qg1 Rxc4 47. Rxc4 bxc4 48. Qc5 Ke8 49. Qd5 Kf8 50. Qe4 Kg7 51. Rd2 Kf6 52. Qh4+ Kg7 53. Qe4 Kf6 54. Qe3 Rh5 55. f4 exf4 56. Qxf4+ Rf5 57. Qh4+ Kg7 58. Qd4+ Kh6 59. Qxc4 Qb7+ 60. Rg2 Qd5 61. Qxd5 1/2-1/2

[Event "FRA-chT"]
[Site "France"]
[Date "1998.05.11"]
[Round "11"]
[White "Vaisser, Anatoli"]
[Black "Desbonnes, Samy"]
[Result "1-0"]
[WhiteElo "2595"]
[BlackElo "2220"]
[PlyCount "57"]
[EventDate "1998.02.06"]
[EventType "team"]
[EventRounds "11"]
[EventCountry "FRA"]
[SourceTitle "CBM 064 Extra"]
[Source "ChessBase"]
[SourceDate "1998.07.07"]
[SourceVersion "1"]
[SourceVersionDate "1998.07.07"]
[SourceQuality "1"]

1. d4 Nf6 2. c4 g6 3. Nc3 Bg7 4. e4 d6 5. f4 0-0 6. Nf3 Na6 7. e5 Nd7 8. h4 dxe5 9. fxe5 c5 10. Bf4 cxd4 11. Qxd4 Nb4 12. Rc1 Qa5 13. Qe3 Qc5 14. e6 Qxe3+ 15. Bxe3 fxe6 16. h5 gxh5 17. Rxh5 Rf5 18. Rh3 Nc5 19. Bxc5 Rxc5 20. a3 Nc6 21. b4 Rf5 22. Bd3 Rf4 23. Bxh7+ Kf8 24. Ne4 e5 25. Rh1 Bf6 26. Rc3 Nd4 27. Nfd2 Kg7 28. g3 Rg4 29. Nf2 1-0

[Event "FRA-chT"]
[Site "France"]
[Date "1998.02.07"]
[Round "2"]
[White "Desbonnes, Samy"]
[Black "Carton, Camille"]
[Result "1-0"]
[WhiteElo "2220"]
[BlackElo "2080"]
[PlyCount "48"]
[EventDate "1998.02.06"]
[EventType "team"]
[EventRounds "11"]
[EventCountry "FRA"]
[SourceTitle "CBM 064 Extra"]
[Source "ChessBase"]
[SourceDate "1998.07.07"]
[SourceVersion "1"]
[SourceVersionDate "1998.07.07"]
[SourceQuality "1"]

1. e4 e6 2. d4 d5 3. Nd2 Nf6 4. e5 Nfd7 5. Bd3 c5 6. c3 Nc6 7. Ngf3 Qb6 8. 0-0 cxd4 9. cxd4 Nxd4 10. Nxd4 Qxd4 11. Nf3 Qb6 12. Qa4 Qb4 13. Qc2 g6 14. Bd2 Qc5 15. Qa4 Be7 16. Rac1 Qb6 17. Ba5 Qxb2 18. Bb5 0-0 19. Bxd7 Bxd7 20. Qxd7 Qa3 21. Bd2 Rfd8 22. Qxb7 Rab8 23. Qc7 Rb2 24. Rc3 Qb4 1-0

[Event "Saint Affrique op 05th"]
[Site "Saint Affrique"]
[Date "1997.??.??"]
[Round "6"]
[White "Desbonnes, Samy"]
[Black "Leski, Marc"]
[Result "0-1"]
[WhiteElo "2240"]
[BlackElo "2435"]
[PlyCount "77"]
[EventDate "1997.07.??"]
[EventType "swiss"]
[EventRounds "9"]
[EventCountry "FRA"]
[SourceTitle "EXT 1999"]
[Source "ChessBase"]
[SourceDate "1998.11.16"]
[SourceVersion "1"]
[SourceVersionDate "1998.11.16"]
[SourceQuality "1"]

1. e4 d6 2. d4 Nf6 3. Nc3 g6 4. Nf3 Bg7 5. Be2 0-0 6. 0-0 Bg4 7. Be3 Nc6 8. d5 Bxf3 9. Bxf3 Ne5 10. Be2 c6 11. a4 Qa5 12. f4 Ned7 13. Bf3 Rfc8 14. Bd4 cxd5 15. exd5 Rc4 16. Ne2 Rxa4 17. b3 Rxa1 18. Qxa1 Qxa1 19. Bxa1 Nb6 20. c4 a5 21. Rc1 Nfd7 22. Nd4 Nc5 23. Rb1 Nd3 24. g3 a4 25. Be2 axb3 26. Nxb3 Bxa1 27. Nxa1 Nc5 28. Nc2 Ra2 29. Nd4 Rd2 30. Rxb6 Rxd4 31. Kf2 Rd2 32. g4 h6 33. h4 g5 34. hxg5 hxg5 35. fxg5 Kg7 36. Ke3 Rc2 37. Rb1 Rc3+ 38. Kd4 Rg3 39. Rf1 0-1

[Event "FRA-chTA 9697"]
[Site "France"]
[Date "1997.??.??"]
[Round "2"]
[White "Desbonnes, Samy"]
[Black "Roos, Jean Luc"]
[Result "0-1"]
[WhiteElo "2285"]
[BlackElo "2305"]
[PlyCount "60"]
[EventDate "1997.??.??"]
[EventType "team"]
[EventRounds "7"]
[EventCountry "FRA"]
[SourceTitle "EXT 1999"]
[Source "ChessBase"]
[SourceDate "1998.11.16"]
[SourceVersion "1"]
[SourceVersionDate "1998.11.16"]
[SourceQuality "1"]

1. e4 e6 2. d4 d5 3. Nd2 Nf6 4. e5 Nfd7 5. Bd3 c5 6. c3 Nc6 7. Ngf3 Qb6 8. 0-0 Be7 9. dxc5 Nxc5 10. Bc2 a5 11. Re1 Bd7 12. Rb1 a4 13. b4 axb3 14. axb3 Na6 15. Nf1 h6 16. b4 Na7 17. Ne3 Nb5 18. Qd3 Rc8 19. Rb3 Qc7 20. Bd2 Bc6 21. Ra1 Qd7 22. Nd4 Nxd4 23. Qxd4 Ba4 24. Rb2 Bxc2 25. Rxc2 0-0 26. Rca2 f6 27. f4 fxe5 28. fxe5 Bg5 29. g3 Nb8 30. Ng4 Rc4 0-1

[Event "FRA-chT"]
[Site "France"]
[Date "1996.??.??"]
[Round "?"]
[White "Delebarre, Xavier"]
[Black "Desbonnes, Samy"]
[Result "1/2-1/2"]
[WhiteElo "2260"]
[BlackElo "2245"]
[PlyCount "86"]
[EventDate "1996.??.??"]
[EventType "team"]
[EventRounds "11"]
[EventCountry "FRA"]
[SourceTitle "CBM 055 Extra"]
[Source "ChessBase"]
[SourceDate "1997.01.01"]
[SourceVersion "1"]
[SourceVersionDate "1997.01.01"]
[SourceQuality "1"]

1. h3 g6 2. d4 Nf6 3. Nf3 Bg7 4. c3 d6 5. Bf4 0-0 6. g4 Nc6 7. Bg2 Qe8 8. Qd2 e5 9. dxe5 dxe5 10. Bh6 Be6 11. Bxg7 Kxg7 12. Ng5 Rd8 13. Nxe6+ Qxe6 14. Qc2 Rd7 15. Nd2 Rfd8 16. Nf3 e4 17. Nd4 Nxd4 18. cxd4 Rxd4 19. Qxc7 R8d7 20. Qc3 h6 21. 0-0 Qc4 22. e3 Qxc3 23. bxc3 Rc4 24. Rfc1 Rd2 25. a4 Nd5 26. Ra3 Nb4 27. Bf1 Nd3 28. Rb1 Rc7 29. Bxd3 exd3 30. Rb4 Rc2 31. Rd4 R2xc3 32. Rxd3 Rxa3 33. Rxa3 Rc4 34. a5 Kf6 35. Rb3 Rc5 36. Rxb7 Rxa5 37. Kg2 Ra2 38. h4 a5 39. Kg3 a4 40. Ra7 a3 41. f4 Ra1 42. Kf3 a2 43. Ke4 Kg7 1/2-1/2

[Event "FRA-chT"]
[Site "France"]
[Date "1996.??.??"]
[Round "?"]
[White "Desbonnes, Samy"]
[Black "Anic, Darko"]
[Result "1/2-1/2"]
[WhiteElo "2245"]
[BlackElo "2455"]
[PlyCount "73"]
[EventDate "1996.??.??"]
[EventType "team"]
[EventRounds "11"]
[EventCountry "FRA"]
[SourceTitle "CBM 055 Extra"]
[Source "ChessBase"]
[SourceDate "1997.01.01"]
[SourceVersion "1"]
[SourceVersionDate "1997.01.01"]
[SourceQuality "1"]

1. e4 c6 2. d4 d5 3. e5 Bf5 4. h4 h5 5. c4 e6 6. Nc3 Nd7 7. cxd5 cxd5 8. Bd3 Bxd3 9. Qxd3 a6 10. Nf3 Ne7 11. 0-0 Nc6 12. Re1 Be7 13. Bg5 Nb6 14. Rac1 Qd7 15. b3 Ba3 16. Rcd1 Rc8 17. Nb1 Bb4 18. Bd2 Bxd2 19. Qxd2 Ne7 20. Nc3 Nf5 21. Rc1 0-0 22. Qf4 Qe7 23. Ng5 Rc6 24. Ne2 Rfc8 25. Rxc6 Rxc6 26. Ng3 g6 27. Nxf5 exf5 28. Rc1 Qc7 29. Rxc6 Qxc6 30. Nf3 Nd7 31. Qg5 Nf8 32. Qd8 Qc1+ 33. Kh2 Qf4+ 34. Kg1 Qc1+ 35. Kh2 Qf4+ 36. Kh1 Qc1+ 37. Kh2 1/2-1/2

[Event "FRA-ch Accession"]
[Site "Chambery"]
[Date "1994.??.??"]
[Round "6"]
[White "Damien, Nicolas"]
[Black "Desbonnes, Samy"]
[Result "0-1"]
[WhiteElo "2285"]
[BlackElo "2215"]
[PlyCount "86"]
[EventDate "1994.??.??"]
[EventType "swiss"]
[EventRounds "11"]
[EventCountry "FRA"]
[SourceTitle "EXT 2004"]
[Source "ChessBase"]
[SourceDate "2003.11.25"]
[SourceVersion "1"]
[SourceVersionDate "2003.11.25"]
[SourceQuality "1"]

1. d4 Nf6 2. Nf3 g6 3. Bg5 Bg7 4. Nbd2 0-0 5. e3 d6 6. Bd3 Nbd7 7. c3 e5 8. Qc2 Re8 9. 0-0-0 c6 10. Ne4 Qc7 11. Nfd2 Nxe4 12. Nxe4 h6 13. Bh4 g5 14. Nxg5 hxg5 15. Bxg5 Qa5 16. f4 exd4 17. exd4 Nf6 18. Rde1 Bd7 19. Qf2 Bf5 20. Bxf5 Qxf5 21. Bxf6 Qxf6 22. g4 Qg6 23. Qf3 Re6 24. f5 Qg5+ 25. Kc2 Rxe1 26. Rxe1 Bf6 27. Re3 Kg7 28. h3 Rh8 29. Qg3 Qh6 30. Qe1 Qf4 31. Qe2 d5 32. Kb3 b5 33. Rf3 Qg5 34. Re3 a5 35. a3 Qf4 36. Rf3 Qd6 37. Qg2 Bg5 38. Qf2 Qf6 39. Qe2 Qe7 40. Qf2 Re8 41. Qg3 Qe2 42. Rd3 Bc1 43. f6+ Kg8 0-1

[Event "Dijon tt"]
[Site "Dijon"]
[Date "1994.??.??"]
[Round "4"]
[White "Desbonnes, Samy"]
[Black "Olivier, Pierre"]
[Result "1/2-1/2"]
[WhiteElo "2210"]
[BlackElo "2240"]
[PlyCount "89"]
[EventDate "1994.??.??"]
[EventType "team"]
[EventRounds "9"]
[EventCountry "FRA"]
[SourceTitle "EXT 2004"]
[Source "ChessBase"]
[SourceDate "2003.11.25"]
[SourceVersion "1"]
[SourceVersionDate "2003.11.25"]
[SourceQuality "1"]

1. e4 c5 2. Nc3 g6 3. g3 Bg7 4. Bg2 Nc6 5. d3 d6 6. Be3 e5 7. f4 exf4 8. Bxf4 Nge7 9. Qd2 0-0 10. Nge2 Be6 11. 0-0 d5 12. Bg5 f6 13. Bh6 d4 14. Nd1 Ne5 15. Bxg7 Kxg7 16. Nf4 Bf7 17. Bh3 Qd6 18. Qe2 Rae8 19. Nf2 N7c6 20. b3 Nd8 21. Ng4 Nxg4 22. Qxg4 Re5 23. Rf2 Ne6 24. Raf1 Nxf4 25. gxf4 Ree8 26. Qh4 Be6 27. Rg2 f5 28. e5 Qd8 29. Qxd8 Rxd8 30. Re2 Rd7 31. Kf2 Rc7 32. a4 b6 33. Bg2 Kf7 34. Bf3 h6 35. h4 Rg8 36. Rg1 Rg7 37. Ke1 Rc8 38. Kd2 Ke7 39. Bh5 Bf7 40. Bf3 Rd8 41. a5 b5 42. Bc6 b4 43. a6 Rgg8 44. Ra1 Rc8 45. Bf3 1/2-1/2